Edmonton or Calgary? - Statistics

General Stats
  • This quiz has been taken 109 times
  • The average score is 14 of 15
Answer Stats
Question Answer % Correct
Home to the Flames Calgary
100%
Has the Airport Code YYC Calgary
100%
Is Closer to the Rockies Calgary
100%
Has the Biggest Mall in Canada (previously the world) Edmonton
100%
Home to the Oilers Edmonton
100%
Is Alberta’s Capital City Edmonton
100%
Has Suburbs such as Leduc and St. Albert Edmonton
100%
Is Further South Calgary
95%
Has a Bigger Population Calgary
95%
Has the nickname of « Cowtown » Calgary
95%
Has Direct Flights to Europe Both
90%
Has a Higher Elevation Calgary
90%
Has a River Run Through It Both
85%
Has a Colder Average Winter Temperature Edmonton
85%
Is Older Edmonton
65%
No matching quizzes found
Score Distribution
Percent of People with Each Score
Percentile by Number Answered
Your Score History
You have not taken this quiz